Normal view
MARC view
- Lindsay, William M
Entry Personal Name
001 - CONTROL NUMBER
- control field: 87226
003 - CONTROL NUMBER IDENTIFIER
- control field: NUST
005 - DATE AND TIME OF LATEST TRANSACTION
- control field: 20211231113209.0
008 - FIXED-LENGTH DATA ELEMENTS
- fixed length control field: 211231|| aca||aabn | a|a d
040 ## - CATALOGING SOURCE
- Original cataloging agency: NUST
- Transcribing agency: NUST
100 ## - HEADING--PERSONAL NAME
- Personal name: Lindsay, William M
670 ## - SOURCE DATA FOUND
- Source citation: Work cat.: (NUST)31548: Evans, James R. (James Robert), 1950- 87218, The Management and Control of Quality /, c2005.
